Normal view
MARC view
- MOIZ, UMAR, SALMAN
Entry Personal Name
001 - CONTROL NUMBER
- control field: 71654
003 - CONTROL NUMBER IDENTIFIER
- control field: NUST
005 - DATE AND TIME OF LATEST TRANSACTION
- control field: 20210628204649.0
008 - FIXED-LENGTH DATA ELEMENTS
- fixed length control field: 210628|| aca||aabn | a|a d
040 ## - CATALOGING SOURCE
- Original cataloging agency: NUST
- Transcribing agency: NUST
100 ## - HEADING--PERSONAL NAME
- Personal name: MOIZ, UMAR, SALMAN
670 ## - SOURCE DATA FOUND
- Source citation: Work cat.: (NUST): MOIZ, UMAR, SALMAN, PR-SOF-1354-ANDROID CONTROLLED SYSTEM AND OBD, 2014
